logo

Bir Sreshtho Munshi Abdur Rouf Library
Jhenaidah Cadet College

Middlemarch : (Record no. 10483)

MARC details
000 -LEADER
fixed length control field 00644nam a2200241 a 4500
001 - CONTROL NUMBER
JCCL Control Number 10483
003 - CONTROL NUMBER IDENTIFIER
JCCL marc code BD-JhCC
005 - DATE AND TIME OF LATEST TRANSACTION
control field 20180430165346.0
008 - FIXED-LENGTH DATA ELEMENTS--GENERAL INFORMATION
fixed length control field 180430s1967 usa |||| |||| 000 0 eng d
020 ## - INTERNATIONAL STANDARD BOOK NUMBER
International Standard Book Number 822008254
035 ## - SYSTEM CONTROL NUMBER
system control number (BD-JhCC)10483
040 ## - CATALOGING SOURCE
Original cataloging agency BD-JhCC
Modifying agency BD-JhCC
041 ## - LANGUAGE CODE
Language code of Book eng
082 ## - DEWEY DECIMAL CLASSIFICATION NUMBER
Classification number 920.9008
Author mark and Year JOH 1967
100 ## - MAIN ENTRY--PERSONAL NAME
Personal name Johnston, Brian
245 ## - TITLE STATEMENT
Title Middlemarch :
Remainder of title notes ... /
Statement of responsibility, etc Brian Johnston
260 ## - PUBLICATION, DISTRIBUTION, ETC. (IMPRINT)
Place of publication, distribution, etc USA :
Name of publisher, distributor, etc Cliffs Notes, Inc.
Date of publication, distribution, etc 1966
300 ## - PHYSICAL DESCRIPTION
Pagination 108 p. :
Dimensions 19 cm.
504 ## - BIBLIOGRAPHY, ETC. NOTE
Bibliography, etc Includes bibliography
600 ## - SUBJECT ADDED ENTRY--PERSONAL NAME
Personal name Eliot, George,
Dates associated with a name 1819-1880
650 ## - SUBJECT ADDED ENTRY--TOPICAL TERM
Topical term or geographic name as entry element Middlemarch (Eliot, George)
942 ## - ADDED ENTRY ELEMENTS (KOHA)
Source of classification or shelving scheme Dewey Decimal Classification
Koha item type Books
Holdings
Source of classification or shelving scheme Damaged status Not for loan Home library Current library Shelving location Date of accession Cost, normal purchase price Total Checkouts Full call number Barcode Date last seen Copy number Koha item type
Dewey Decimal Classification     JCC Rouf Library JCC Rouf Library General Stacks 04/30/2018 1.00   920.9008 JOH 1967 14066 04/30/2018 C-1 Books

JCC Library | Contacts | JCC Home

Last Update on 23 September 2017
Copyright @ 2017-2020 JCC Rouf Library
Rouf Library, Jhenidah Cadet College (JCC), Bangladesh